| 000 | 00672pam a2200205 a 4500 | ||
|---|---|---|---|
| 020 | _a0471574562 (acidfree paper) | ||
| 040 | _cDLC | ||
| 082 | 0 | 0 | _a547 WIL 1994 A034 Or. |
| 100 | 1 | _aStowell, John C. | |
| 245 | 1 | 0 | _aIntermediate organic chemistry / |
| 250 | _a2nd ed. | ||
| 260 |
_aNew York : _bWiley, _cc1994. |
||
| 300 |
_axv, 334 p. : _bill. ; _c25 cm. |
||
| 500 | _a"A Wiley-Interscience publication." | ||
| 650 | 0 | _aChemistry, Organic. | |
| 856 | 4 | 2 | _uhttp://www.loc.gov/catdir/bios/wiley041/93010028.html |
| 856 | 4 | 2 | _uhttp://www.loc.gov/catdir/description/wiley031/93010028.html |
| 856 | 4 | _uhttp://www.loc.gov/catdir/toc/onix02/93010028.html | |
| 942 | _cEK | ||
| 999 |
_c12796 _d12796 |
||